banner-ar

CAMBRIDGE TEXTS IN THE HISTORY OF POLITICAL THOUGHT / (Record no. 23847)

MARC details
000 -الفاتح
حقل البيانات ثابتة الطول 00500nam a2200181Ia 4500
008 - عناصر البيانات ثابتة الطول - معلومات عامة
حقل البيانات ثابتة الطول 140319s9999 xx 000 0 eng d
040 ## - مصدر الفهرسة
وكالة الفهرسة الأصلية GCL /
وكالة النسخ GCL
082 04 - رقم تصنيف ديوى العشرى
رقم التصنيف 335.02
رقم المادة L C
100 1# - المدخل الرئيسى - إسم شخصى
الإسم الشخصى LOGAN GEORGE M.
245 10 - بيان العنوان
العنوان CAMBRIDGE TEXTS IN THE HISTORY OF POLITICAL THOUGHT /
بيان المسئوليه,etc LOGAN GEORGE M.
700 1# - المدخل الاضافى - اسم شخصى
الإسم الشخصى ADAMS, ROBERT M.
260 ## - PUBLICATION, DISTRIBUTION, ETC. (IMPRINT)
تاريخ النشر أو التوزيع 1989
650 04 - المدخل الاضافى بالموضوع-مصطلح موضوعى
مصطلح موضوعي POLITICAL THOUGHT
650 04 - المدخل الاضافى بالموضوع-مصطلح موضوعى
مصطلح موضوعي UTOPIAS
650 04 - المدخل الاضافى بالموضوع-مصطلح موضوعى
مصطلح موضوعي WORKS
942 ## - عناصر المدخل الإضافي( كوها)
مصدر التصنيف او مخطط الترفيف Dewey Decimal Classification
Koha [default] item type كتاب
260 ## - PUBLICATION, DISTRIBUTION, ETC. (IMPRINT)
-- [S.N] :
-- CAMBRIDGE UNIVERSITY PRESS ،
Holdings
حالة التراجع حالة الفقد حالة تلف ليس للاعارة المكان المؤقت الموقع الحالى تاريخ الاكتساب اجمالي اﻻعارات رقم الطلب الباركود تاريخ اخر مشاهدة تاريخ تفعيل السعر نوع وعاء كوها
        مكتبة القاهرة الكبرى مكتبة القاهرة الكبرى 03/26/2014   335.02\L C 42505 03/26/2014 03/26/2014 كتاب
        مكتبة القاهرة الكبرى مكتبة القاهرة الكبرى 03/26/2014   335.02\L C 42506 03/26/2014 03/26/2014 كتاب

Powered By

EGPV